00563nam a22001697a 450000500170000001000150001702000260003203500140005803700140007208200100008610000180009624500990011426000510021327000680026430000260033250000350035820200109112433.0 aENG-127304 c995.00a9780199498727 aEN-110836 bDBAD/PUB. a800.8 aGovind,Nikhil aLnlays of Subjectivity :cby Nikhil Govind .b Affect and Action in Modern Indian Literature / aNew Delhiboxford University press 2019.c2019 a22 workspace,2nd floor,1/22 Asaf Ali Road .bNew Delhie110002 axiii,170p.c23cm.(hb) aIt includes Bibliograpy index